ALL SONGS ON: RODEO - TRAVIS SCOTT - Statistics

General Stats
  • This quiz has been taken 49 times
  • The average score is 12 of 16
Answer Stats
Hint Answer % Correct
feat. Kacy Hill 90210
100%
feat. Young Thug, Justin Bieber Maria I'm Drunk
94%
feat. Future, 2 Chainz 3500
91%
feat. Swae Lee, Chief Keef Nightcrawler
91%
Pornography
84%
feat. Quavo Oh My Dis Side
81%
feat. Kanye West Piss On Your Grave
81%
feat. The Weekend Pray 4 Love
81%
Antidote
75%
Apple Pie
72%
Impossible
72%
feat. ScHoolboy Q Ok Alright
69%
feat. Juicy J Wasted
69%
feat. Toro y Moi Flying High
59%
I Can Tell
59%
Never Catch Me
56%
No matching quizzes found
Score Distribution
Percent of People with Each Score
Percentile by Number Answered
Your Score History
You have not taken this quiz